Solidaridad y gobierno corporativo de la empresa. Una mirada a los organismos internacionales

Detalles Bibliográficos
Autor principal: Tabra Ochoa, Edison Paul
Formato: Libro
Lenguaje:español
Publicado: Barcelona J.M. Bosch Editor 2015
Materias:
Acceso en línea:Acceso restringido

MARC

LEADER 00000nam a22000007a 4500
005 20151104093248.0
007 cr|||| ||u|
008 151104s2015 sp ||||| |||| 00||0 spa d
020 |a 978-84-943507-7-1 
035 |a 12932 
040 |a vLex 
090 |c 5649  |d 5649 
100 1 |a Tabra Ochoa, Edison Paul  
245 1 0 |a Solidaridad y gobierno corporativo de la empresa. Una mirada a los organismos internacionales  |h [Recurso electrn̤ico] /   |c Edison Paul Tabra Ochoa  
256 |a Servicio en ln̕ea 
260 |a Barcelona  |b J.M. Bosch Editor  |c 2015 
300 |a 1 recurso electrn̤ico 
500 |a El gobierno corporativo se convierte en el lugar idn̤eo para fomentar la solidaridad en el trabajo de la empresa. En esta obra Edison Tabra analiza los elementos esenciales del gobierno corporativo, los distintos grupos de interš que intervienen en ľ y las principales teora̕s sobre el mismo. En primer lugar se pone de manifiesto cm̤o la solidaridad impregna el gobierno corporativo, con independencia de la teora̕ que se siga. En segundo lugar, y lo que en mi opinin̤ constituye la mayor aportacin̤ del trabajo, se hace una propuesta de cm̤o debe ser una empresa guiada por un adecuado gobierno corporativo, y por lo tanto, qu ̌debe caracterizar a una empresa solidaria. El autor recoge todo el anl̀isis anterior para formular propuestas muy concretas para las empresas que quieran tener el calificativo de “solidarias”. Estas pg̀inas constituyen una aportacin̤ valiosa que debera̕ ser tenida muy en cuenta por quienes dirigen empresas y por las instituciones que elaboran cd̤igos de buen gobierno (Alberto Muǫz Fernǹdez, Profesor de la Universidad de Navarra). 
506 1 |a Contenido solo disponible en los productos indicados  |d vLex Global  |d vLex Global (Academic Edition, excluding Law Schools)  |d vLex Global (U.S. Academic Edition, Law Schools)  |d vLex Global (U.S. Academic Edition, excluding Law Schools)  |d vLex Global (Academic Edition, Law Schools) 
650 0 4 |a Gobierno corporativo  |z Espaą 
740 0 |a vLex libros (servicio en ln̕ea) 
856 4 0 |u http://vlex.com/source/solidaridad-y-gobierno-corporativo-de-la-empresa-una-mirada-a-los-organismos-internacionales-12932  |z Acceso restringido 
942 |c BOOK 
999 0 |a Corporate governance